000 00209 a2200097 4500
001 49548
100 _aHudsen
245 _aModels of exposition
260 _aNew York
_bRonald press
_c
090 _c32075
_d32075
942 _aNUST-CAE
_cM
_c24531
999 _c284621
_d284621